|
|
|
|
| LEADER |
00935nam a2200253 a 4500 |
| 001 |
1811 |
| 003 |
BD-DhAAL |
| 008 |
140303s1985 bg 000 0 eng |
| 040 |
|
|
|a BD-DhAAL
|c BD-DhAAL
|
| 041 |
1 |
|
|a engben
|h ben
|
| 082 |
0 |
0 |
|a 891/.44/17
|2 21
|
| 240 |
1 |
0 |
|a Poem.
|l English & Bengali.
|k Selections
|
| 245 |
0 |
0 |
|a Selected poems of Shamsur Rahman /
|c translated and edited, with an introduction by Kaiser Haq
|
| 260 |
|
|
|a Dhaka :
|b BRAC Prokashona;
|c 1985.
|
| 300 |
|
|
|a 66 p. ;
|c 22 cm.
|
| 500 |
|
|
|a Cover designed by Qayyum Choudhury
|
| 541 |
|
|
|e 1811
|
| 546 |
|
|
|a English and Bengali.
|
| 600 |
1 |
0 |
|a Rahman, Shamsur
|x Translations into English
|9 3920
|
| 700 |
1 |
|
|a Haq, Kaiser.
|9 119
|
| 852 |
4 |
|
|a Ayesha Abed Library
|j General Shelf.
|
| 942 |
|
|
|2 ddc
|c BK
|
| 999 |
|
|
|c 14189
|d 14189
|
| 952 |
|
|
|0 0
|1 0
|2 ddc
|4 0
|6 891_441700000000000_SEL
|7 0
|9 23934
|a BRACUL
|b BRACUL
|c GEN
|d 2014-03-03
|g 50.00
|l 0
|o 891.4417 SEL
|p 3010001811
|r 2014-03-03
|t 1
|w 2014-03-03
|y BK
|